书目信息 |
| 题名: |
精通Origin 7.0
|
|
| 作者: | 周剑平 编著 | |
| 分册: | ||
| 出版信息: | 北京 北京航空航天大学出版社 2004 |
|
| 页数: | 358页 | |
| 开本: | 26cm | |
| 丛书名: | ||
| 单 册: | ||
| 中图分类: | O245 | |
| 科图分类: | ||
| 主题词: | 数值计算--应用软件 | |
| 电子资源: | ||
| ISBN: | 7-81077-336-4 | |
| 000 | 00789nam0 2200229 45 | |
| 001 | 020000008496 | |
| 005 | 20050913173401.48 | |
| 010 | @a7-81077-336-4@dCNY35.00 | |
| 100 | @a20040408d2004 ekmy0chiy0120 ea | |
| 101 | 0 | @achi |
| 102 | @aCN@b110000 | |
| 105 | @aak az 000yy | |
| 200 | 1 | @a精通Origin 7.0@Ajing tong Origin 7.0@f周剑平编著@Fzhou jian ping bian zhu |
| 210 | @a北京@c北京航空航天大学出版社@d2004 | |
| 215 | @a358页@c图@d26cm | |
| 320 | @a有书目 | |
| 330 | @a本书易到难地介绍了Origin 7.0的功能和使用方法。包括Origin基础知识、Origin的2D/3D/多制图方法、Layout页面的使用方法、函数拟合、数据分析和Origin的程序语言等。 | |
| 606 | 0 | @a数值计算@x应用软件 |
| 690 | @aO245@v4 | |
| 701 | 0 | @a周剑平@Azhou jian ping@4编著 |
| 801 | 0 | @aCN@bTSSF@c20050913 |
| 905 | @a10447@dO245@e21 | |
| 精通Origin 7.0/周剑平编著.-北京:北京航空航天大学出版社,2004 |
| 358页:图;26cm |
| ISBN 7-81077-336-4:CNY35.00 |
| 本书易到难地介绍了Origin 7.0的功能和使用方法。包括Origin基础知识、Origin的2D/3D/多制图方法、Layout页面的使用方法、函数拟合、数据分析和Origin的程序语言等。 |
| ● |
| 相关链接 |
|
|
|
|
正题名:精通Origin 7.0
索取号:O245/21
 
预约/预借
| 序号 | 登录号 | 条形码 | 馆藏地/架位号 | 状态 | 备注 |
| 1 | 0360909 | 3609090 | 第二样本阅览室/ [索取号:O245/21] | 在馆 | |
| 2 | 0360910 | 3609107 | 第三借阅区/ [索取号:O245/21] | 在馆 | |
| 3 | 0360911 | 3609116 | 第三借阅区/ [索取号:O245/21] | 在馆 |